The computer simulation of behaviour /
Guardado en:
| Autor Principal: | |
|---|---|
| Formato: | Libro |
| Idioma: | English |
| Publicado: |
London :
Hutchinson,
1970.
|
| Etiquetas: |
Agregar Etiqueta
Sin Etiquetas, Sea el primero en etiquetar este registro!
|
| LEADER | 00555cam a22001815a 4500 | ||
|---|---|---|---|
| 001 | MAT.inmabb002312 | ||
| 008 | 710209s1970####enka#####b####001#0#eng#d | ||
| 005 | 20160602164517.0 | ||
| 245 | 1 | 4 | |a The computer simulation of behaviour / |c Michael J. Apter. |
| 260 | |a London : |b Hutchinson, |c 1970. | ||
| 300 | |a 180 p. : |b il. ; |c 22 cm. | ||
| 504 | |a Incluye referencias bibliográficas. | ||
| 020 | |a 0091027209 | ||
| 020 | |a 0091027217 (pbk.) | ||
| 100 | 1 | |a Apter, Michael J. | |
| 084 | |a 68T01 |2 msc2000 | ||
| 010 | |a 79533907 | ||
| 859 | |h 68 |i Ap655 |p A-3987 |b BIB. MATEMATICA | ||
